|
|
|
|
| LEADER |
00000nas a2200000 a 4500 |
| 001 |
ssj0000393905 |
| 003 |
WaSeSS |
| 005 |
20200512172242.0 |
| 006 |
m d |
| 007 |
cr n |
| 008 |
950707c19959999cauar s s s0 a0eng c |
| 010 |
|
|
|a 96644442
|z sn 95007400
|
| 022 |
|
|
|l 1083-3374
|y 1083-3374
|
| 035 |
|
|
|a (WaSeSS)ssj0000393905
|
| 037 |
|
|
|b Pat Brown Institute, CSU-LA, 5151 State University Dr., Los Angeles, CA 90032
|
| 040 |
|
|
|a NSD
|b eng
|c NSD
|d DLC
|d OCLCQ
|d HNK
|d OCLCQ
|d OCLCF
|d OCL
|d WaSeSS
|
| 042 |
|
|
|a nsdp
|a pcc
|
| 043 |
|
|
|a n-us-ca
|
| 050 |
0 |
0 |
|a JK8701
|b .C37
|
| 082 |
0 |
0 |
|a 320.0794
|2 20
|
| 210 |
0 |
|
|a Calif. polit. policy
|
| 222 |
|
0 |
|a California politics & policy
|
| 245 |
0 |
0 |
|a California politics & policy
|h [electronic resource] :
|b a journal of the "Pat" Brown Institute of Public Affairs, California State University, Los Angeles.
|
| 246 |
3 |
|
|a California politics and policy
|
| 260 |
|
|
|a Los Angeles :
|b The Institute,
|c c1995-
|
| 310 |
|
|
|a Annual
|
| 362 |
0 |
|
|a 1995-
|
| 500 |
|
|
|a Title from cover.
|
| 506 |
|
|
|a License restrictions may limit access.
|
| 648 |
|
7 |
|a Since 1951
|2 fast
|
| 650 |
|
0 |
|a Political planning
|z California
|v Periodicals.
|
| 650 |
|
7 |
|a Political planning.
|2 fast
|0 (OCoLC)fst01069460
|
| 650 |
|
7 |
|a Politics and government
|2 fast
|0 (OCoLC)fst01919741
|
| 651 |
|
0 |
|a California
|x Politics and government
|y 1951-
|v Periodicals.
|
| 651 |
|
7 |
|a California.
|2 fast
|0 (OCoLC)fst01204928
|
| 655 |
|
0 |
|a Electronic journals.
|
| 710 |
2 |
|
|a Edmund G. "Pat" Brown Institute of Public Affairs.
|
| 850 |
|
|
|a DLC
|
| 856 |
4 |
0 |
|z Full text available from Research Library: 06/01/2007 to 11/30/2011
|u https://search.proquest.com/publication/39454
|